000 01086nam2a22002411 4500
001 rc\4970912
005 20250613052502.0
021 _aRU
_bРг220-72
035 _a(NLR Aleph) 008963915
090 _a9081731
_c9081731
100 _a20130430d1970 |||y0rusy50 ca
101 0 _arus
102 _aRU
105 _ay z |||||
200 0 _a... № 95
210 _d1970
_aБ. м.
215 _a31 с.
_d20
461 0 _1001rc\3334352
_12001#$aТрактовый указатель маршрутов почтовых вагонов и пароходов Союза ССР$eСводка изменений...$fМ-во связи СССР. Гл. почтовое упр.$v... № 95
_96978036
_cМосква
_d1971
_fМ-во связи СССР. Гл. почтовое упр.
_nСвязь
_oСводка изменений...
_tТрактовый указатель маршрутов почтовых вагонов и пароходов Союза ССР
_v... № 95
801 0 _aRU
_bNLR
_gpsbo
801 1 _aRU
_bELAR
_2rusmarc
852 _aNLR
_j67-9/42-доп.
942 _cBOOK
980 _aNB